Niemiecki czasowniki nieregularne cz.1 - Statystyki

Ogólne statystyki
  • Ten quiz został rozwiązany 108 razy
  • Średni wynik to 37 z 132
Statystyki odpowiedzi
Hint Odpowiedź % Poprawnych
biec 1 laufen
83%
jeść 1 essen
72%
iść 1 gehen
70%
jechać 1 fahren
65%
mieć 1 haben
65%
iść 3 gegangen
59%
jechać 3 gefahren
57%
jeść 3 gegessen
57%
dawać 1 geben
56%
biec 3 gelaufen
52%
biec 2 lief
52%
piec 1 backen
50%
móc, umieć 1 konnen
50%
musieć 1 mussen
50%
brać 1 nehmen
50%
latać 1 fliegen
48%
jechać 2 fuhr
48%
dawać 3 gegeben
48%
mieć 3 gehabt
48%
iść 2 ging
48%
leżeć 1 liegen
48%
lubić 1 mogen
48%
dawać 2 gab
46%
latać 3 geflogen
43%
móc, umieć 3 gekonnt
43%
mieć 2 hatte
43%
brać 2 nahm
43%
myśleć 1 denken
41%
piec 3 gebacken
41%
musieć 3 gemusst
41%
brać 3 genommen
41%
pomagać 1 helfen
39%
przyjść 1 kommen
39%
przynosić 1 bringen
37%
mieć pozwolenie 1 durfen
37%
móc, umieć 2 konnte
37%
leżeć 2 lag
37%
latać 2 flog
35%
myśleć 3 gedacht
35%
przyjść 3 gekommen
35%
musieć 2 musste
35%
myśleć 2 dachte
33%
znaleść 1 finden
33%
nazywać się 1 heiBen
33%
przyjść 2 kam
33%
zacząć 1 beginnen
31%
pomagać 3 geholfen
31%
jeść 2 aB
30%
prosić 1 bitten
30%
pozostać 1 bleiben
30%
mieć pozwolenie 3 gedurft
30%
znaleść 3 gefunden
30%
znać 3 gekannt
30%
leżeć 3 gelegen
30%
wygrać 3 gewonnen
30%
znać 1 kennen
30%
lubić 2 mochte
30%
piec 2 backte
28%
zacząć 3 begonnen
28%
mieć pozwolenie 2 durfte
28%
ładować 3 geladen
28%
lubić 3 gemocht
28%
wygrać 1 gewinnen
28%
pomagać 2 half
28%
ładować 1 laden
28%
zacząć 2 begann
26%
pozostać 3 geblieben
26%
nazywać się 3 geheiBen
26%
znać 2 kannte
26%
prosić 2 bat
24%
pozostać 2 blieb
24%
znaleść 2 fand
24%
przynosić 3 gebracht
24%
wygrać 2 gewann
24%
przynosić 2 brachte
22%
polecać 2 empfahl
22%
polecać 1 empfehlen
22%
ładować 2 lud
22%
nazywać się 2 hieB
20%
cierpieć 1 leiden
20%
mierzyć 1 messen
20%
polecać 3 empfohlen
19%
marznąć 1 frieren
19%
marznąć 2 fror
19%
marznąć 3 gefroren
19%
płynąć 2 floss
17%
prosić 3 gebeten
17%
płynąć 3 geflossen
17%
kłamać 3 gelogen
17%
kłamać 2 log
17%
kłamać 1 lugen
17%
płynąć 1 flieBen
15%
trzymać 3 gehalten
15%
podnosić 3 gehoben
15%
mierzyć 3 gemessen
15%
trzymać 1 halten
15%
podnosić 1 heben
15%
podnosić 2 hob
15%
łapać 1 fangen
13%
podobać się 1 gefallen
13%
łapać 3 gefangen
13%
pożyczać 3 geliehen
13%
cierpieć 3 gelitten
13%
wydarzać się 3 geschehen
13%
pożyczać 1 leihen
13%
pożyczać 2 lieh
13%
cierpieć 2 litt
13%
ofiarować 1 bieten
11%
ofiarować 2 bot
11%
łapać 2 fing
11%
ofiarować 3 geboten
11%
podobać się 3 gefallen
11%
udać się, powieść 2 gelang
11%
udać się, powieść 1 gelingen
11%
udać się, powieść 3 gelungen
11%
wydarzać się 2 geschah
11%
wydarzać się 1 geschehen
11%
trzymać 2 hielt
11%
mierzyć 2 maB
11%
rozkazywać 2 befahl
9%
rozkazywać 1 befehlen
9%
rozkazywać 3 befohlen
9%
podobać się 2 gefiel
9%
sięgać 3 gegriffen
7%
rozkoszować się 1 genieBen
7%
rozkoszować się 2 genoss
7%
rozkoszować się 3 genossen
7%
sięgać 1 greifen
7%
sięgać 2 griff
7%
pozwalać kazać 3 gelassen
6%
pozwalać, kazać 1 lassen
6%
pozwalać, kazać 2 lieB
4%
Nie znaleziono quizów pasujących do podanych kryteriów
Rozkład punktacji
Procent ludzi z każdym wynikiem
Percentyl według liczby udzielonych odpowiedzi
Twoja historia wyników
Nie rozwiązałeś tego quizu